| 000 | 005780000a22001930004500 | ||
|---|---|---|---|
| 090 |
_aAR _b03576 |
||
| 245 | 1 | 0 | _aCorporate culture and economic theory |
| 300 | _ap. 90-143 | ||
| 500 | _a<Colección uso y valoración> | ||
| 650 | 1 | 4 |
_aTeoría de la economía _997236 |
| 650 | 1 | 4 |
_aEconomía política _997237 |
| 650 | 1 | 4 |
_aAspectos culturales _992846 |
| 041 | 0 | _aInglés | |
| 044 | _aEstados Unidos | ||
| 100 | 1 |
_akreps, David M. _997238 |
|
| 260 |
_aNew York _bCambridge University Press _c1990 |
||
| 942 | _cARTICULO | ||
| 773 | 1 | _tPerspectives on positive political economy | |
| 999 |
_c12626 _d12626 |
||